Central Library OPAC University of Rajshahi

Cabinet government / (Record no. 5796)

MARC details
000 -LEADER
fixed length control field 00870nam a2200277 a 4500
001 - CONTROL NUMBER
control field 5796
003 - CONTROL NUMBER IDENTIFIER
rucl marc code BD-RjUL
005 - DATE AND TIME OF LATEST TRANSACTION
control field 20211208234129.0
008 - FIXED-LENGTH DATA ELEMENTS--GENERAL INFORMATION
fixed length control field 140107r19651959enk b 001 0 eng
035 ## - SYSTEM CONTROL NUMBER
System control number (BD-RjUL)5835
040 ## - CATALOGING SOURCE
Original cataloging agency WSU
Modifying agency OCL
-- BD-RjUL
Language of cataloging eng
Transcribing agency BD-RjUL
041 ## - LANGUAGE CODE
Language code of text/sound track or separate title eng
082 00 - DEWEY DECIMAL CLASSIFICATION NUMBER
Classification number 354.4205
Author mark and year JEC 1969
090 ## - LOCALLY ASSIGNED LC-TYPE CALL NUMBER (OCLC); LOCAL CALL NUMBER (OCLC)
Classification number (OCLC) (R) ; Classification number, CALL (RLIN) (NR) JN405
Local cutter number (OCLC) ; Book number/undivided call number, CALL (RLIN) .J4 1959
100 1# - MAIN ENTRY--PERSONAL NAME
Personal name Jennings, Ivor,
Dates associated with a name 1903-1965.
9 (RLIN) 8234
245 10 - TITLE STATEMENT
Title Cabinet government /
Statement of responsibility, etc. Sir Ivor Jennings.
250 ## - EDITION STATEMENT
Edition statement 3rd ed.
260 ## - PUBLICATION, DISTRIBUTION, ETC. (IMPRINT)
Place of publication, distribution, etc. Cambridge :
Name of publisher, distributor, etc. Cambridge University Press,
Date of publication, distribution, etc. 1959 [reprinted 1965].
300 ## - PHYSICAL DESCRIPTION
Pagination ix, 587 p. ;
Size 23 cm.
500 ## - GENERAL NOTE
General note First published in paperback: 1969.
General note Previous ed: 1951.
504 ## - BIBLIOGRAPHY, ETC. NOTE
Bibliography, etc Includes bibliography and index.
650 #0 - SUBJECT ADDED ENTRY--TOPICAL TERM
Topical term or geographic name as entry element Cabinet system
Geographic subdivision Great Britain.
9 (RLIN) 13849
651 #0 - SUBJECT ADDED ENTRY--GEOGRAPHIC NAME
Geographic name Great Britain
General subdivision Politics and government.
9 (RLIN) 18210
942 ## - ADDED ENTRY ELEMENTS (KOHA)
Source of classification or shelving scheme Dewey Decimal Classification
Koha item type Books
Holdings
Lost status Source of classification or shelving scheme Damaged status Not for loan Collection code Permanent Location Current Location Date acquired Source of acquisition Cost, normal purchase price Total Checkouts Full call number Date last seen Copy number Koha item type Shelving location
  Dewey Decimal Classification     Non-fiction Central Library, University of Rajshahi Central Library, University of Rajshahi 12/03/1963 Zeitlinger 60.00   354.4205 JEC 1959 15/01/2014 C-4 Books  
  Dewey Decimal Classification       Central Library, University of Rajshahi Central Library, University of Rajshahi 12/03/1963 Zeitlinger 60.00   354.4205 JEC 1959 18/01/2014 C-5 Books  
  Dewey Decimal Classification     Non-fiction Central Library, University of Rajshahi Central Library, University of Rajshahi 04/04/1968 Zeitlinger 63.00   354.4205 JEC 1965 20/08/2016 C-2 Books  
  Dewey Decimal Classification     Non-fiction Central Library, University of Rajshahi Central Library, University of Rajshahi 04/04/1968 Zeitlinger 63.00   354.4205 JEC 1965 20/08/2016 C-3 Books  
  Dewey Decimal Classification     Non-fiction Central Library, University of Rajshahi Central Library, University of Rajshahi 04/04/1968 Zeitlinger 63.00   354.4205 JEC 1965 20/08/2016 C-6 Books  
  Dewey Decimal Classification     Non-fiction Central Library, University of Rajshahi Central Library, University of Rajshahi 04/04/1968 Zeitlinger 63.00   354.4205 JEC 1965 20/08/2016 C-7 Books  
  Dewey Decimal Classification     Non-fiction Central Library, University of Rajshahi Central Library, University of Rajshahi 04/04/1968 Zeitlinger 63.00   354.4205 JEC 1959 20/08/2016 C-8 Books  
  Dewey Decimal Classification     Non-fiction Central Library, University of Rajshahi Central Library, University of Rajshahi 04/04/1968 Zeitlinger 63.00   354.4205 JEC 1959 20/08/2016 C-9 Books  
  Dewey Decimal Classification     Non-fiction Central Library, University of Rajshahi Central Library, University of Rajshahi 04/04/1968 Zeitlinger 60.00   354.4205 JEC 1959 20/08/2016 C-10 Books  
  Dewey Decimal Classification   Not For Loan Non-fiction Central Library, University of Rajshahi Central Library, University of Rajshahi 04/04/1968 Zeitlinger 60.00   354.4205 JEC 1959 20/08/2016 C-1 Books Reading Room